[Event "Titled Tuesday intern op 03rd Sep Early"]
[Site "Chess.com INT"]
[Date "2024.09.03"]
[Round "3"]
[White "Herbrig, Alexander"]
[Black "Mahalakshmi, Muganda Kumar"]
[Result "0-1"]
[WhiteElo "2295"]
[BlackElo "2232"]
[PlyCount "68"]
[EventDate "2024.09.03"]
[EventType "swiss (blitz)"]
[EventRounds "11"]
[EventCountry "USA"]
[SourceTitle "EXT 2025"]
[Source "ChessBase"]
[SourceDate "2024.10.14"]
[SourceVersion "1"]
[SourceVersionDate "2024.10.14"]
[SourceQuality "1"]

1. d4 d5 2. Nf3 Nf6 3. Bf4 e6 4. e3 Bd6 5. Bd3 Bxf4 6. exf4 0-0 7. 0-0 c5 8. dxc5 Qc7 9. Ne5 Qxc5 10. Nd2 Qb4 11. c4 Qxb2 12. Re1 Nc6 13. Re2 Qd4 14. g3 Nxe5 15. fxe5 Qxd3 16. exf6 gxf6 17. Re3 Qd4 18. cxd5 Qxd5 19. Qg4+ Qg5 20. Qb4 e5 21. Ne4 Qg6 22. Rd1 Be6 23. Qxb7 Bxa2 24. Rf3 f5 25. Rd6 Be6 26. Nc5 a5 27. Nxe6 fxe6 28. Re3 e4 29. Rd7 a4 30. Ra3 f4 31. Qc6 e3 32. fxe3 fxg3 33. Qg2 Qb1+ 34. Qf1 Qxf1# 0-1

[Event "Titled Tuesday intern op 03rd Sep Early"]
[Site "Chess.com INT"]
[Date "2024.09.03"]
[Round "5"]
[White "Mahalakshmi, Muganda Kumar"]
[Black "Bobomurodova, Maftuna"]
[Result "0-1"]
[WhiteElo "2232"]
[BlackElo "1829"]
[PlyCount "84"]
[EventDate "2024.09.03"]
[EventType "swiss (blitz)"]
[EventRounds "11"]
[EventCountry "USA"]
[SourceTitle "EXT 2025"]
[Source "ChessBase"]
[SourceDate "2024.10.14"]
[SourceVersion "1"]
[SourceVersionDate "2024.10.14"]
[SourceQuality "1"]

1. e4 e5 2. Nf3 Nc6 3. Bb5 a6 4. Ba4 Nf6 5. d3 Bc5 6. 0-0 b5 7. Bb3 0-0 8. c3 d6 9. h3 Bb6 10. Bg5 h6 11. Bh4 Be6 12. Nbd2 Qd7 13. Bxf6 gxf6 14. Nh4 Kh7 15. Kh2 Rg8 16. Qf3 Qe7 17. Nf5 Qd7 18. g4 Bxb3 19. axb3 Ne7 20. c4 Nxf5 21. exf5 Bd4 22. Ne4 Qe7 23. Ra2 bxc4 24. bxc4 c6 25. Rfa1 d5 26. cxd5 cxd5 27. Ng3 Qd6 28. Qe2 Rge8 29. Ra5 Reb8 30. R1a2 Rb6 31. Kg2 Rc8 32. Qd2 Rbc6 33. b4 Bc3 34. Qe3 Bxb4 35. R5a4 Bc5 36. Qd2 Bd4 37. Nh5 Bc3 38. Qe3 a5 39. f4 Bd4 40. Qd2 exf4 41. Rxd4 Qe5 42. Rxf4 Rc1 0-1

[Event "Titled Tuesday intern op 27th Aug Early"]
[Site "Chess.com INT"]
[Date "2024.08.27"]
[Round "2"]
[White "Levitan, Judah Nathan"]
[Black "Mahalakshmi, Muganda Kumar"]
[Result "0-1"]
[WhiteElo "1979"]
[BlackElo "2205"]
[PlyCount "94"]
[EventDate "2024.08.27"]
[EventType "swiss (blitz)"]
[EventRounds "11"]
[EventCountry "USA"]
[SourceTitle "EXT 2025"]
[Source "ChessBase"]
[SourceDate "2024.10.14"]
[SourceVersion "1"]
[SourceVersionDate "2024.10.14"]
[SourceQuality "1"]

1. e4 e6 2. d4 d5 3. Nd2 dxe4 4. Nxe4 Be7 5. Nf3 Nf6 6. Bd3 Nbd7 7. 0-0 0-0 8. c3 b6 9. Bf4 Bb7 10. Qc2 Rc8 11. Rfe1 Nxe4 12. Bxe4 Bxe4 13. Qxe4 Nf6 14. Qe2 c5 15. dxc5 Bxc5 16. Rad1 Qe8 17. Ng5 Qa4 18. b4 Be7 19. Nxe6 fxe6 20. Qxe6+ Kh8 21. Qxe7 Qxa2 22. Be5 Rce8 23. Qc7 Nh5 24. f3 Qc2 25. Qd7 Qg6 26. Rd6 Qg5 27. f4 Nxf4 28. g3 Rxe5 29. Rxe5 Qxe5 30. gxf4 Qxf4 31. Rd1 Qf2+ 32. Kh1 Qf3+ 33. Kg1 Qxc3 34. Qe7 Qf3 35. Re1 a5 36. bxa5 bxa5 37. Qe5 a4 38. Qb2 a3 39. Qa2 h5 40. Ra1 Qe3+ 41. Kh1 Qe4+ 42. Kg1 Qe3+ 43. Kh1 Rf6 44. Qxa3 Rf1+ 45. Kg2 Rf2+ 46. Kh1 Qe4+ 47. Kg1 Qg2# 0-1

[Event "Titled Tuesday intern op 27th Aug Early"]
[Site "Chess.com INT"]
[Date "2024.08.27"]
[Round "6"]
[White "Mahalakshmi, Muganda Kumar"]
[Black "Adewumi, Tanitoluwa"]
[Result "1-0"]
[WhiteElo "2205"]
[BlackElo "2315"]
[PlyCount "165"]
[EventDate "2024.08.27"]
[EventType "swiss (blitz)"]
[EventRounds "11"]
[EventCountry "USA"]
[SourceTitle "EXT 2025"]
[Source "ChessBase"]
[SourceDate "2024.10.14"]
[SourceVersion "1"]
[SourceVersionDate "2024.10.14"]
[SourceQuality "1"]

1. d4 Nf6 2. Nf3 e6 3. c4 b6 4. Nc3 Bb7 5. Bf4 Be7 6. e3 0-0 7. Bd3 d5 8. 0-0 Nbd7 9. Rc1 c5 10. cxd5 exd5 11. dxc5 bxc5 12. Bb1 Re8 13. Ne5 Nf8 14. Qc2 Ne6 15. Bg3 d4 16. exd4 cxd4 17. Rfd1 Rc8 18. Ng4 g6 19. Nxf6+ Bxf6 20. Qa4 Nc5 21. Qb5 Qe7 22. b4 dxc3 23. bxc5 Rxc5 24. Qb3 c2 25. Bxc2 Rc3 26. Qb1 Ba8 27. h3 h5 28. Bb3 h4 29. Rxc3 Bxc3 30. Bf4 Qf6 31. Be3 Be5 32. Qd3 g5 33. Qd7 Rf8 34. Bc5 Rc8 35. Bd6 Rd8 36. Bxe5 Rxd7 37. Bxf6 Rxd1+ 38. Bxd1 g4 39. Bxh4 gxh3 40. gxh3 Kh7 41. Bg3 Kg6 42. h4 Bd5 43. Bf4 Bxa2 44. h5+ Kf5 45. Be3 Bb1 46. Kg2 a5 47. Kg3 a4 48. Bxa4 Be4 49. Be8 Kf6 50. Kf4 Bd5 51. Bd4+ Ke7 52. h6 Be4 53. Bc6 Bh7 54. Be4 Bg8 55. h7 Bxh7 56. Bxh7 Ke6 57. Bf5+ Kd5 58. Ba1 Kd6 59. Kg5 Ke7 60. f4 Ke8 61. Kf6 Kf8 62. Be5 Ke8 63. Bd6 Kd8 64. Be7+ Ke8 65. Ba3 Kd8 66. Be4 Ke8 67. Bc6+ Kd8 68. Kxf7 Kc7 69. Ke6 Kd8 70. f5 Kc8 71. f6 Kc7 72. f7 Kb6 73. f8Q Ka6 74. Bh1 Kb5 75. Qc5+ Ka6 76. Qc6+ Ka5 77. Qa8+ Kb5 78. Bf8 Kb6 79. Qc6+ Ka5 80. Qc5+ Ka6 81. Qb4 Ka7 82. Bc5+ Ka6 83. Qb6# 1-0

[Event "Titled Tuesday intern op 27th Aug Early"]
[Site "Chess.com INT"]
[Date "2024.08.27"]
[Round "3"]
[White "Mahalakshmi, Muganda Kumar"]
[Black "Aliyev, Ravan"]
[Result "0-1"]
[WhiteElo "2205"]
[BlackElo "2338"]
[PlyCount "126"]
[EventDate "2024.08.27"]
[EventType "swiss (blitz)"]
[EventRounds "11"]
[EventCountry "USA"]
[SourceTitle "EXT 2025"]
[Source "ChessBase"]
[SourceDate "2024.10.14"]
[SourceVersion "1"]
[SourceVersionDate "2024.10.14"]
[SourceQuality "1"]

1. d4 Nf6 2. Nf3 g6 3. g3 Bg7 4. Bg2 0-0 5. 0-0 d6 6. c4 Nbd7 7. Nc3 e5 8. e4 exd4 9. Nxd4 Re8 10. Re1 a6 11. b3 Ne5 12. Bb2 Rb8 13. h3 c5 14. Nc2 b5 15. cxb5 axb5 16. Ne3 c4 17. Ncd5 Nd3 18. Bxf6 Bxf6 19. Nxf6+ Qxf6 20. Rf1 Qd4 21. bxc4 bxc4 22. Qa4 Be6 23. Rad1 Rec8 24. Qa5 Ra8 25. Qg5 Rxa2 26. h4 Qe5 27. Qe7 Kg7 28. Bf3 Qf6 29. Qxf6+ Kxf6 30. Bg2 Ke7 31. f4 f6 32. f5 Bf7 33. g4 Ne5 34. g5 fxg5 35. hxg5 c3 36. f6+ Kd7 37. Nd5 Rb8 38. Nxc3 Rc2 39. Nd5 Rb3 40. Bh3+ Rxh3 41. Nb6+ Kc6 42. Nd5 Nf3+ 43. Rxf3 Rxf3 44. Nb4+ Kd7 45. Nxc2 Rg3+ 46. Kf2 Rxg5 47. Ke3 Rg3+ 48. Kf4 Rg2 49. Ne3 Rf2+ 50. Kg5 h6+ 51. Kxh6 Rxf6 52. e5 Rf3 53. Rxd6+ Ke8 54. Ng4 Ke7 55. Kg7 Be6 56. Nh6 g5 57. Ng8+ Bxg8 58. Kxg8 g4 59. Rg6 g3 60. Kg7 Re3 61. Kh6 Kf7 62. Rg5 Ke6 63. Kh5 Rxe5 0-1

[Event "Titled Tuesday intern op 27th Aug Early"]
[Site "Chess.com INT"]
[Date "2024.08.27"]
[Round "4"]
[White "Samaganova, Alexandra"]
[Black "Mahalakshmi, Muganda Kumar"]
[Result "0-1"]
[WhiteElo "1948"]
[BlackElo "2205"]
[PlyCount "60"]
[EventDate "2024.08.27"]
[EventType "swiss (blitz)"]
[EventRounds "11"]
[EventCountry "USA"]
[SourceTitle "EXT 2025"]
[Source "ChessBase"]
[SourceDate "2024.10.14"]
[SourceVersion "1"]
[SourceVersionDate "2024.10.14"]
[SourceQuality "1"]

1. c4 e6 2. e4 d5 3. exd5 exd5 4. cxd5 Qxd5 5. Nc3 Qd8 6. d4 Nf6 7. Bc4 Bd6 8. Nf3 0-0 9. 0-0 Bg4 10. h3 Bh5 11. Be2 Re8 12. Bg5 Nbd7 13. Nb5 Bf8 14. Rc1 c6 15. Nc3 Rc8 16. Re1 Nb6 17. Ne5 Bxe2 18. Rxe2 Be7 19. Qb3 Nfd5 20. Bxe7 Rxe7 21. Nxd5 Nxd5 22. Qa3 f6 23. Qxa7 fxe5 24. dxe5 Qb6 25. Qa3 Rf8 26. g3 Qd4 27. Rce1 Ref7 28. e6 Rxf2 29. Rxf2 Qxf2+ 30. Kh1 Qxe1+ 0-1

[Event "Titled Tuesday intern op 27th Aug Early"]
[Site "Chess.com INT"]
[Date "2024.08.27"]
[Round "10"]
[White "Vestby Ellingsen, Mads"]
[Black "Mahalakshmi, Muganda Kumar"]
[Result "1-0"]
[WhiteElo "2360"]
[BlackElo "2205"]
[PlyCount "75"]
[EventDate "2024.08.27"]
[EventType "swiss (blitz)"]
[EventRounds "11"]
[EventCountry "USA"]
[SourceTitle "EXT 2025"]
[Source "ChessBase"]
[SourceDate "2024.10.14"]
[SourceVersion "1"]
[SourceVersionDate "2024.10.14"]
[SourceQuality "1"]

1. e4 e6 2. d4 d5 3. c4 dxe4 4. Nc3 Nf6 5. g4 h6 6. Bg2 Bb4 7. Nge2 Nxg4 8. Bxe4 c6 9. Rg1 Qh4 10. Rg3 Nxh2 11. Qb3 a5 12. Bf4 Ng4 13. Bf3 h5 14. Bxg4 hxg4 15. 0-0-0 Nd7 16. Ne4 f5 17. Nd6+ Bxd6 18. Bxd6 a4 19. Qe3 Qf6 20. Bf4 a3 21. b3 c5 22. Bg5 cxd4 23. Nxd4 Qe5 24. Qxe5 Nxe5 25. Re3 Nf7 26. Nxe6 Bxe6 27. Rxe6+ Kf8 28. Be3 g5 29. Rd7 Re8 30. Rf6 Rh7 31. Rxf5 g3 32. Bc5+ Kg8 33. fxg3 Re2 34. Rd2 Rh1+ 35. Kc2 Ree1 36. Bxa3 Ra1 37. Rdf2 Rxa2+ 38. Bb2 1-0

[Event "Abu Dhabi op-A 30th"]
[Site "Abu Dhabi"]
[Date "2024.08.20"]
[Round "5"]
[White "Sukiasyan, Vahe A"]
[Black "Mahalakshmi, Muganda Kumar"]
[Result "1/2-1/2"]
[WhiteElo "2347"]
[BlackElo "2205"]
[PlyCount "117"]
[EventDate "2024.08.15"]
[EventType "swiss"]
[EventRounds "9"]
[EventCountry "UAE"]
[SourceTitle "EXT 2025"]
[Source "ChessBase"]
[SourceDate "2024.10.14"]
[SourceVersion "1"]
[SourceVersionDate "2024.10.14"]
[SourceQuality "1"]

1. d4 d5 2. c4 dxc4 3. Nf3 Nf6 4. e3 e6 5. Bxc4 c5 6. 0-0 a6 7. Nbd2 cxd4 8. Nxd4 Bc5 9. N4b3 Be7 10. Be2 0-0 11. Nc4 Nbd7 12. Bd2 b6 13. Bf3 Ra7 14. Nd4 Bb7 15. Bxb7 Rxb7 16. Nc6 Qe8 17. Qf3 Rc7 18. Rac1 Nd5 19. Nxe7+ Qxe7 20. e4 N5f6 21. e5 Nd5 22. Qg3 Rfc8 23. Nd6 Rxc1 24. Rxc1 Rxc1+ 25. Bxc1 Nf8 26. Bg5 Qc7 27. h4 Qc2 28. Qf3 Qc7 29. h5 h6 30. Bd2 f6 31. Qg3 Qc2 32. Be1 Qe2 33. f3 Qxe5 34. Qxe5 fxe5 35. g4 Nd7 36. Bg3 Kf8 37. a3 b5 38. Kf2 Nc5 39. b4 Nd3+ 40. Ke2 N3f4+ 41. Kd2 Ke7 42. Ne4 Nb6 43. Bh4+ Kf8 44. Nd6 g5 45. Bf2 Nd7 46. Ne4 Kf7 47. Ba7 Nd5 48. Kd3 Nf4+ 49. Kc2 Nd5 50. Bc5 N7f6 51. Nf2 Nf4 52. Bd6 Nd7 53. Ne4 Ne2 54. Nc5 Nd4+ 55. Kd3 Nf6 56. Ke3 Nc2+ 57. Kd3 Nd4 58. Ke3 Nc2+ 59. Kd3 1/2-1/2

[Event "Titled Tuesday intern op 09th Jul Early"]
[Site "Chess.com INT"]
[Date "2024.07.09"]
[Round "4"]
[White "Karttunen, Mika"]
[Black "Mahalakshmi, Muganda Kumar"]
[Result "1-0"]
[WhiteElo "2479"]
[BlackElo "2199"]
[PlyCount "69"]
[EventDate "2024.07.09"]
[EventType "swiss (blitz)"]
[EventRounds "11"]
[EventCountry "USA"]
[SourceTitle "EXT 2025"]
[Source "ChessBase"]
[SourceDate "2024.10.14"]
[SourceVersion "1"]
[SourceVersionDate "2024.10.14"]
[SourceQuality "1"]

1. e4 e6 2. d4 d5 3. Nc3 dxe4 4. Nxe4 Nd7 5. Nf3 Ngf6 6. Nxf6+ Nxf6 7. c3 c5 8. Ne5 cxd4 9. Qa4+ Bd7 10. Qxd4 Bc6 11. Nxc6 bxc6 12. Qxd8+ Rxd8 13. Be3 a5 14. Be2 Nd5 15. Bd2 Bc5 16. Rf1 Ke7 17. 0-0-0 a4 18. a3 Rb8 19. c4 Nf6 20. Bf3 Rb6 21. Bc3 Rhb8 22. Kc2 Ne8 23. Rd2 Nd6 24. Rfd1 Nxc4 25. Rd7+ Ke8 26. Bh5 g6 27. Be2 Nxb2 28. R1d2 Be7 29. Rc7 Rb3 30. Rdd7 Rxc3+ 31. Kxc3 Bf6+ 32. Kc2 Be5 33. Rb7 Rxb7 34. Rxb7 c5 35. Rxb2 1-0

[Event "Titled Tuesday intern op 09th Jul Early"]
[Site "Chess.com INT"]
[Date "2024.07.09"]
[Round "11"]
[White "Mahalakshmi, Muganda Kumar"]
[Black "Ambartsumian, Tyhran"]
[Result "0-1"]
[WhiteElo "2199"]
[BlackElo "2156"]
[PlyCount "80"]
[EventDate "2024.07.09"]
[EventType "swiss (blitz)"]
[EventRounds "11"]
[EventCountry "USA"]
[SourceTitle "EXT 2025"]
[Source "ChessBase"]
[SourceDate "2024.10.14"]
[SourceVersion "1"]
[SourceVersionDate "2024.10.14"]
[SourceQuality "1"]

1. c4 e6 2. Nf3 Nf6 3. g3 d5 4. b3 c5 5. Bg2 Be7 6. 0-0 0-0 7. Bb2 d4 8. d3 Nc6 9. Nbd2 e5 10. a3 a5 11. Ng5 Qc7 12. Nge4 Nxe4 13. Bxe4 Be6 14. Bg2 f5 15. Qc2 h5 16. Nf3 g5 17. h4 g4 18. Nh2 Bf6 19. Qd2 Qg7 20. Kh1 Rf7 21. Rg1 Raf8 22. Bxc6 bxc6 23. Qxa5 Be7 24. Qd2 f4 25. Bc1 Qg6 26. Bb2 e4 27. Raf1 e3 28. Qe1 Bd6 29. gxf4 Bxf4 30. f3 g3 31. Rxg3 Bxg3 32. Rg1 Rg7 33. Qf1 Bxh4 34. Rxg6 Rxg6 35. b4 Bf2 36. Ng4 hxg4 37. bxc5 gxf3 38. Bxd4 fxe2 39. Qh3 Bxh3 40. Kh2 Rf3 0-1

[Event "Titled Tuesday intern op 02nd Jul Early"]
[Site "Chess.com INT"]
[Date "2024.07.02"]
[Round "5"]
[White "Garakov, Mikhael"]
[Black "Mahalakshmi, Muganda Kumar"]
[Result "1-0"]
[WhiteElo "2447"]
[BlackElo "2199"]
[PlyCount "65"]
[EventDate "2024.07.02"]
[EventType "swiss (blitz)"]
[EventRounds "11"]
[EventCountry "USA"]
[SourceTitle "EXT 2025"]
[Source "ChessBase"]
[SourceDate "2024.10.14"]
[SourceVersion "1"]
[SourceVersionDate "2024.10.14"]
[SourceQuality "1"]

1. e4 e6 2. d4 d5 3. Nc3 dxe4 4. Nxe4 Nf6 5. Nxf6+ gxf6 6. Nf3 c5 7. Be3 Be7 8. dxc5 Qxd1+ 9. Rxd1 0-0 10. Bb5 e5 11. h3 Be6 12. a3 Rc8 13. b4 a5 14. 0-0 Nc6 15. c3 axb4 16. axb4 Ra3 17. Rc1 Kg7 18. Nd2 f5 19. Nc4 Bxc4 20. Bxc4 f4 21. Bd2 Kf6 22. Rfd1 Rg8 23. Kf1 Nd8 24. Bd5 Ra7 25. Ra1 Rxa1 26. Rxa1 Ne6 27. Bxb7 Rd8 28. Ke2 Bxc5 29. bxc5 Nxc5 30. Bc6 Rxd2+ 31. Kxd2 Nb3+ 32. Kc2 Nxa1+ 33. Kb2 1-0

[Event "Titled Tuesday intern op 25th Jun Early"]
[Site "Chess.com INT"]
[Date "2024.06.25"]
[Round "3"]
[White "Ghosh, Chanchal Kumer"]
[Black "Mahalakshmi, Muganda Kumar"]
[Result "1-0"]
[WhiteElo "2054"]
[BlackElo "2199"]
[PlyCount "75"]
[EventDate "2024.06.25"]
[EventType "swiss (blitz)"]
[EventRounds "11"]
[EventCountry "USA"]
[SourceTitle "EXT 2025"]
[Source "ChessBase"]
[SourceDate "2024.10.14"]
[SourceVersion "1"]
[SourceVersionDate "2024.10.14"]
[SourceQuality "1"]

1. e4 e6 2. Nf3 d5 3. Nc3 dxe4 4. Nxe4 Be7 5. d4 Nf6 6. Ng3 0-0 7. Bd3 b6 8. 0-0 Bb7 9. c3 Nbd7 10. Re1 Rc8 11. Bf4 c5 12. Qe2 Nd5 13. Bd2 N7f6 14. Rad1 Qc7 15. Ne5 cxd4 16. cxd4 Bb4 17. Nh5 Bxd2 18. Rxd2 Nxh5 19. Qxh5 Nf6 20. Qh4 h6 21. h3 Bd5 22. Rdd1 Bxa2 23. Re3 Kh8 24. Rg3 Qe7 25. Ng4 Nd5 26. Qh5 Nf4 27. Qe5 Nxd3 28. Rdxd3 f6 29. Qh5 Rc1+ 30. Kh2 Qf7 31. Qh4 Rg8 32. Nxh6 gxh6 33. Qxh6+ Qh7 34. Qxc1 Rxg3 35. Rxg3 Qd7 36. Qh6+ Qh7 37. Qf8+ Qg8 38. Qxg8# 1-0

[Event "Titled Tuesday intern op 25th Jun Early"]
[Site "Chess.com INT"]
[Date "2024.06.25"]
[Round "7"]
[White "Khamdamova, Afruza"]
[Black "Mahalakshmi, Muganda Kumar"]
[Result "1-0"]
[WhiteElo "2291"]
[BlackElo "2199"]
[PlyCount "75"]
[EventDate "2024.06.25"]
[EventType "swiss (blitz)"]
[EventRounds "11"]
[EventCountry "USA"]
[SourceTitle "EXT 2025"]
[Source "ChessBase"]
[SourceDate "2024.10.14"]
[SourceVersion "1"]
[SourceVersionDate "2024.10.14"]
[SourceQuality "1"]

1. e4 e6 2. d4 d5 3. Nd2 dxe4 4. Nxe4 Be7 5. Nf3 Nf6 6. Bd3 Nbd7 7. Qe2 b6 8. c4 Bb7 9. Nc3 0-0 10. 0-0 c5 11. Be3 cxd4 12. Nxd4 Nc5 13. Bc2 Rc8 14. Rad1 Qc7 15. Ncb5 Qb8 16. b4 Ncd7 17. a3 a6 18. Nc3 Qa8 19. f3 Ne5 20. Bb3 a5 21. Ra1 axb4 22. axb4 Qb8 23. Bf4 Bd6 24. Ncb5 Nxf3+ 25. Qxf3 Bxf3 26. Bxd6 Qb7 27. Rxf3 Rfd8 28. Raf1 Qe4 29. Bc2 Qh4 30. c5 bxc5 31. bxc5 Ra8 32. Nc6 Re8 33. Nc7 Qc4 34. Nxe8 Nxe8 35. Rxf7 Nxd6 36. Ne7+ Kh8 37. Rf8+ Rxf8 38. Rxf8# 1-0

[Event "Titled Tuesday intern op 25th Jun Early"]
[Site "Chess.com INT"]
[Date "2024.06.25"]
[Round "2"]
[White "Mahalakshmi, Muganda Kumar"]
[Black "Assaubayeva, Bibissara"]
[Result "0-1"]
[WhiteElo "2199"]
[BlackElo "2472"]
[PlyCount "68"]
[EventDate "2024.06.25"]
[EventType "swiss (blitz)"]
[EventRounds "11"]
[EventCountry "USA"]
[SourceTitle "EXT 2025"]
[Source "ChessBase"]
[SourceDate "2024.10.14"]
[SourceVersion "1"]
[SourceVersionDate "2024.10.14"]
[SourceQuality "1"]

1. d4 Nf6 2. Bf4 g6 3. Nc3 d5 4. Qd2 Bg7 5. f3 0-0 6. g4 c5 7. 0-0-0 cxd4 8. Nb5 Nc6 9. h4 a6 10. Na3 h5 11. gxh5 Nxh5 12. Bh6 e5 13. Bxg7 Kxg7 14. Kb1 b5 15. Ka1 b4 16. Nb1 a5 17. e3 dxe3 18. Qxe3 d4 19. Qe1 Be6 20. Bd3 a4 21. Ne2 b3 22. cxb3 axb3 23. a3 Qd6 24. Rg1 Nb4 25. Qd2 Rfc8 26. Rc1 Nc2+ 27. Bxc2 bxc2 28. Rxc2 Rxc2 29. Qxc2 Qd5 30. b4 d3 31. Qb2 dxe2 32. Qxe2 Nf4 33. Qb2 Nd3 34. Qc3 Qa2# 0-1

[Event "Titled Tuesday intern op 25th Jun Early"]
[Site "Chess.com INT"]
[Date "2024.06.25"]
[Round "5"]
[White "Mahalakshmi, Muganda Kumar"]
[Black "Ivanov, Andrey A"]
[Result "1-0"]
[WhiteElo "2199"]
[BlackElo "2012"]
[PlyCount "53"]
[EventDate "2024.06.25"]
[EventType "swiss (blitz)"]
[EventRounds "11"]
[EventCountry "USA"]
[SourceTitle "EXT 2025"]
[Source "ChessBase"]
[SourceDate "2024.10.14"]
[SourceVersion "1"]
[SourceVersionDate "2024.10.14"]
[SourceQuality "1"]

1. e4 c5 2. Nf3 d6 3. d4 cxd4 4. Nxd4 Nf6 5. Nc3 a6 6. f3 e5 7. Nb3 Be7 8. Be3 Be6 9. Qd2 h5 10. 0-0-0 Nbd7 11. Kb1 Rc8 12. h4 b5 13. Nd5 Nxd5 14. exd5 Bf5 15. Bd3 Bxd3 16. Qxd3 Nc5 17. Nxc5 dxc5 18. d6 Bf6 19. d7+ Kf8 20. dxc8Q Qxc8 21. Qd6+ Kg8 22. Qxc5 Qe6 23. Qd5 Qf5 24. Bg5 Bxg5 25. hxg5 g6 26. Qd8+ Kh7 27. Qf6 1-0

[Event "Titled Tuesday intern op 18th Jun Early"]
[Site "Chess.com INT"]
[Date "2024.06.18"]
[Round "3"]
[White "Mahalakshmi, Muganda Kumar"]
[Black "Antunez, Soler Luis"]
[Result "0-1"]
[WhiteElo "2199"]
[BlackElo "2200"]
[PlyCount "96"]
[EventDate "2024.06.18"]
[EventType "swiss (blitz)"]
[EventRounds "11"]
[EventCountry "USA"]
[SourceTitle "EXT 2025"]
[Source "ChessBase"]
[SourceDate "2024.10.14"]
[SourceVersion "1"]
[SourceVersionDate "2024.10.14"]
[SourceQuality "1"]

1. e4 e6 2. d4 d5 3. Bd3 dxe4 4. Bxe4 Nf6 5. Bf3 Nbd7 6. Ne2 e5 7. Ng3 exd4 8. 0-0 Be7 9. Qxd4 0-0 10. Nc3 Bc5 11. Qh4 Ne5 12. Be2 Ng6 13. Qc4 Bb6 14. Bg5 Be6 15. Qa4 h6 16. Rad1 Qe7 17. Bc1 Rfd8 18. Bf3 c6 19. Nce4 Nd5 20. c4 Ndf4 21. c5 Bc7 22. Nd6 Nd5 23. Nxb7 Rdc8 24. Rfe1 Bxg3 25. Na5 Bc7 26. Nxc6 Qxc5 27. b4 Qd6 28. g3 Nc3 29. Rxd6 Nxa4 30. Rdxe6 fxe6 31. Rxe6 Nf8 32. Ne7+ Kf7 33. Ra6 Kxe7 34. Bxa8 Rxa8 35. Rxa4 Bb6 36. b5 Ne6 37. Re4 Kd7 38. a4 Rc8 39. Bd2 Rc2 40. Be1 Nc5 41. Rd4+ Ke6 42. Rg4 Nd3 43. Kf1 g5 44. Re4+ Kd5 45. Re8 Rc1 46. Re7 Ba5 47. Rd7+ Ke4 48. Re7+ Kf5 0-1

[Event "Titled Tuesday intern op 18th Jun Early"]
[Site "Chess.com INT"]
[Date "2024.06.18"]
[Round "2"]
[White "Souleidis, Georgios"]
[Black "Mahalakshmi, Muganda Kumar"]
[Result "1-0"]
[WhiteElo "2418"]
[BlackElo "2199"]
[PlyCount "57"]
[EventDate "2024.06.18"]
[EventType "swiss (blitz)"]
[EventRounds "11"]
[EventCountry "USA"]
[SourceTitle "EXT 2025"]
[Source "ChessBase"]
[SourceDate "2024.10.14"]
[SourceVersion "1"]
[SourceVersionDate "2024.10.14"]
[SourceQuality "1"]

1. e4 e6 2. d4 d5 3. Nc3 dxe4 4. Nxe4 Nf6 5. Nxf6+ gxf6 6. Nf3 Be7 7. g3 c5 8. Bg2 Nc6 9. Be3 cxd4 10. Nxd4 Nxd4 11. Qxd4 Qxd4 12. Bxd4 e5 13. Be3 0-0 14. 0-0-0 a5 15. Rd2 a4 16. a3 Ra5 17. Rhd1 Be6 18. Bxb7 Rb8 19. Bd5 Rab5 20. Bxe6 Rxb2 21. Rd8+ Bxd8 22. Rxd8+ Kg7 23. Rxb8 Rxb8 24. Bd7 Ra8 25. c4 Kf8 26. Bc5+ Kg7 27. Bb4 h5 28. c5 Ra7 29. c6 1-0